000 00491nam a2200193Ia 4500
003 OSt
005 20250814121857.0
008 250729s2005 xx 000 0 und d
040 _cAL
041 _aeng
082 _a930.7 YADT
100 _aDsouza Keith
_9221302
245 _aEmpowering workers through human resource development
260 _aNew Delhi
_bAnand Publication
_c2005
300 _a184p
650 _aHistory
_9221303
700 _aUppadya G
_9221304
942 _2ddc
_cBED
999 _c234947
_d234947